000 00381cam a22001337a 4500
008 180718b1963 xxu||||| |||| 00| 0 eng d
082 _aB131x6782 L565
100 _aLeslie, J.A.K.
245 _aSurvey of Dar Es Salaam
_cby J.A.K. Leslie
260 _aLondon
_bOUP
_c1963
300 _a305p.
650 _aEast African Inst. of Social Res.
650 _aSociology, Urban - Tanganyika
999 _c372059
_d372059